Informe : migració i ciutadania / Ajuntament d'Igualada migració i ciutadania / Ajuntament d'Igualada
Publicado:
Barcelona :
Diputació de Barcelona. Àrea d'Igualtat i Ciutadania. Servei de Polítiques de Diversitat i Ciutadania ,
2008
Descripción Física:
172 p. : gràf. ; 29 cm
Materias:
Igualada -- Emigració i immigració
MARC
| LEADER | 00000nam a2200000Ia 4500 | ||
|---|---|---|---|
| 001 | 21229 | ||
| 008 | 160829s2008 xx 000 0 cat d | ||
| 080 | |a S-1-273 | ||
| 110 | |a Igualada (Catalunya). |b Ajuntament |9 55299 | ||
| 245 | |a Informe : |b migració i ciutadania / Ajuntament d'Igualada | ||
| 260 | |a Barcelona : |b Diputació de Barcelona. Àrea d'Igualtat i Ciutadania. Servei de Polítiques de Diversitat i Ciutadania, |c 2008 | ||
| 300 | |a 172 p. : |b gràf. ; |c 29 cm | ||
| 650 | 0 | |a Igualada |x Emigració i immigració |9 45192 | |
| 710 | 1 | |a Barcelona (Catalunya : Província). |b Servei de Polítiques de Diversitat i Ciutadania |9 52870 | |
| 901 | |a Arxiu | ||
| 942 | |n 1 | ||
| 952 | |0 0 |1 0 |4 0 |6 S1273 |7 1 |9 52425 |a Arxiu |b Arxiu |d 2016-12-01 |l 0 |o S-1-273 |p 21229 |r 2016-12-01 00:00:00 |w 2016-12-01 |y ARXIU | ||
| 999 | |c 56273 |d 56273 | ||